000 01251nam a22003497a 4500
003 CHAP
005 20220329134817.0
008 971013s1986 r 00010 d
010 _a26325
011 _a27297
035 _a31398
040 _cCHAP
082 _a338.17315
_bB9
100 0 0 _aByerlee, Derek.
_916489
245 _aComparative advantage and policy incentives for wheat production in rainfed and irrigated areas of Mexico
260 _aMéxico, D. F. :
_bCIMMYT,
_c1986
300 _a100 p.
_b; gráfs.
490 _aEconomics Program. Working papaer
_v; 01/86
590 _aBATCH-UPD
_b10
_c20130110
_lUCH01
_h1032
590 _aBATCH-UPD
_b10
_c20130410
_lUCH01
_h0635
590 _aBATCH-UPD
_b10
_c20130913
_lUCH01
_h2143
590 _aCONVERSION
_b10
_c20130109
_lUCH01
_h1315
650 1 4 _aAgricultura de temporal.
_91999
650 1 4 _aTrigo
_xAspectos económicos
_zMéxico.
_9114979
650 1 4 _aTrigo
_xPrecios.
_9115080
650 1 4 _aTrigo
_xRendimiento.
_9115092
830 0 _aEconomics Program. Working papaer
_v; 01/86
_935219
901 _aBK
942 _cLIBRO
949 _a338.17315 B9
_bBC
_cLIBRO
_d33724000111258
_eLIBRO
_h72719
_i31398
_si
949 _a338.17315 B9
_bBC
_cLIBRO
_d33724000111266
_eLIBRO
_fc.2
_h72720
_i31398
_si
999 _c26325
_d26325